Regionalización agrícola de El Salvador /
Define las regiones agrícolas en El Salvador, con base en las características de sus recursos, la regionalización agrícola comprende: zonificación ecológica de los cultivos, y análisis biofísico y socioeconómico. Considera las siguientes variables para el análisis socioeconómico: rendimiento de los...
محفوظ في:
| مؤلفون مشاركون: | , |
|---|---|
| التنسيق: | نص |
| منشور في: |
Guatemala:
SIECA. IICA
|
| الموضوعات: | |
| الوسوم: |
إضافة وسم
لا توجد وسوم, كن أول من يضع وسما على هذه التسجيلة!
|
MARC
| LEADER | 00000 a a2200000 04500 | ||
|---|---|---|---|
| 001 | 19769 | ||
| 003 | |||
| 040 | |||
| 090 | |a 079600 | ||
| 110 | |a SIECA | ||
| 245 | |a Regionalización agrícola de El Salvador / |c SIECA | ||
| 260 | |a Guatemala: |b SIECA. IICA | ||
| 300 | |a 316 p.; v. 4 | ||
| 520 | |a Define las regiones agrícolas en El Salvador, con base en las características de sus recursos, la regionalización agrícola comprende: zonificación ecológica de los cultivos, y análisis biofísico y socioeconómico. Considera las siguientes variables para el análisis socioeconómico: rendimiento de los cultivos, comercialización, ganadería, uso y tenencia de la tierra, población, mano de obra, agroindustria, asistencia técnica, crédito, y otras. Divide al país en 12 regiones y 14 subregiones./ACM | ||
| 650 | |a EL SALVADOR | ||
| 650 | |a REGIONALIZACION | ||
| 650 | |a PLANIFICACION REGIONAL | ||
| 650 | |a ESTADISTICAS AGRICOLAS | ||
| 650 | |a CUADROS ESTADISTICOS | ||
| 650 | |a PUB. SIECA | ||
| 710 | |a IICA | ||
| 999 | |c 2616 |d 2616 | ||
